Dvojité zdanenie kapitálu v SR

Gespeichert in:
Bibliographische Detailangaben
1. Verfasser: Bukovová, Sylvia, 1959-
Format: Buchkapitel
Sprache:Slowakisch
Englisch
Schlagworte:
Tags: Tag hinzufügen
Keine Tags, Fügen Sie das erste Tag hinzu!

MARC

LEADER 00000nla a2200000 4500
001 0235888
005 20240527074022.3
041 0 |a slo 
041 0 |a eng 
044 |a SK 
245 1 0 |a Dvojité zdanenie kapitálu v SR  |c Sylvia Bukovová 
500 |a Abstrakt 
610 2 0 |a dane z príjmov 
610 2 0 |a dividendy 
610 2 0 |a kapitál 
610 2 0 |a zdanenie dvojité 
610 2 0 |a osoby fyzické 
610 2 0 |a Slovensko 
100 1 |a Bukovová, Sylvia, 1959-